| 000 | 00846cab a2200289 4500 | ||
|---|---|---|---|
| 001 | ABS47348 | ||
| 008 | 090401t1992 xxu||||| |||| 00| 0 eng d | ||
| 035 | _a(Sirsi) u61700 | ||
| 041 | _aeng | ||
| 100 | _aBaker, L. | ||
| 245 | _aValuations of BES properties | ||
| 260 | _c1992 | ||
| 350 | _a0 | ||
| 490 |
_aCS Monthly : General Practice _v2(2) October 1992, 5(1) |
||
| 520 | _aDiscusses the use of SAVP No 23 from the Red Book for valuing BES properties. | ||
| 650 | _aASSET VALUATION | ||
| 650 | _aBUSINESS EXPANSION SCHEMES | ||
| 650 | _aMENTOR | ||
| 650 | _aRICS APPRAISAL AND VALUATION MANUAL | ||
| 650 | _aRENTED HOUSING | ||
| 650 | _aSAVP NO 23 | ||
| 650 | _aSTATEMENTS OF ASSET VALUATION PRACTICE AND GUIDANCE NOTES | ||
| 650 | _aVALUATIONS | ||
| 690 | _aRATING AND VALUATION | ||
| 942 | _n0 | ||
| 948 | _c04/03/1997 | ||
| 999 |
_c38267 _d38267 |
||